00422nam a2200157Ia 4500008004100000020001500041041001200056082001600068100001600084245007400100250000800174260004400182300000800226650001400234700001600248221030s9999 xx 000 0 und d a8122418112 aEnglish a105.23bYad aD. S. Yadav 0aMicrocontrollers Features & Applicationscby D. S. Yadav, A. K. Singh a2nd bNew Age International PubaDelhic2006 a267 aComputers aA. K. Singh